Property: commercial (Record no. 75927)

MARC details
000 -LEADER
fixed length control field 00913cab a2200181 4500
001 - CONTROL NUMBER
control field L131055
008 - FIXED-LENGTH DATA ELEMENTS--GENERAL INFORMATION
fixed length control field 050923n2005 000 0 eng u
035 ## - SYSTEM CONTROL NUMBER
System control number (Sirsi) u131055
041 0# - LANGUAGE CODE
Language code of text/sound track or separate title eng
100 1# - MAIN ENTRY--PERSONAL NAME
Personal name Smith, Catriona
245 00 - TITLE STATEMENT
Title Property: commercial
260 ## - PUBLICATION, DISTRIBUTION, ETC.
Date of publication, distribution, etc. 2005
490 #0 - SERIES STATEMENT
Series statement EMIS Property Service
Volume/sequential designation 3(9) September 2005, 6-10(5)
520 ## - SUMMARY, ETC.
Summary, etc. Part two of a series looking at commercial leases. This article deals with tenants' licences and consents. Considers certain specific grounds upon which a landlord might refuse consent to assign or sublet. Looks at grounds for refusal, such as financial considerations, superior landlord's consent, market value issues, including sublettings and side letters. (See also L130838 and L131390)
590 ## - LOCAL NOTE (RLIN)
Local note IKA270905
690 ## - LOCAL SUBJECT ADDED ENTRY--TOPICAL TERM (OCLC, RLIN)
Topical term or geographic name as entry element PROPERTY-COMMERCIAL PROPERTY-LEASEHOLD COMMERCIAL PROPERTY-COMMERCIAL LANDLORD AND TENANT-COMMERCIAL LEASES
942 ## - ADDED ENTRY ELEMENTS (KOHA)
Suppress in OPAC 0
Holdings
Withdrawn status Lost status Source of classification or shelving scheme Damaged status Not for loan Home library Current library Shelving location Date acquired Total Checkouts Full call number Barcode Date last seen Copy number Price effective from Koha item type
    Dewey Decimal Classification     London London Journal article 23/09/2005   L131055 131055-1001 06/08/2019 1 06/08/2019 Journal article